Estatísticas para Digite todas as consoantes do alfabeto em 15 segundos

Clique aqui para jogar o quiz

Estatísticas Gerais

  • Esse quiz foi jogado 350 vezes
  • A pontuação média é 17 de 21

Estatísticas das Respostas

Resposta% Correto
F
92%
D
90%
H
90%
C
89%
G
89%
B
88%
L
83%
Q
83%
R
83%
K
81%
T
81%
J
80%
P
80%
S
78%
W
77%
M
73%
N
73%
Y
71%
X
70%
Z
69%
V
66%

Distribuição das Pontuações

Percentil de Números Respondidos

Porcentagem de Pessoas com Cada Pontuação

Sua Pontuação Histórica

Você não jogou esse quiz